000 00461nam a2200181Ia 4500
001 21054
005 20260306172851.0
008 260306t2005||||xx |||||||||||||| ||spa||
041 _aESP
082 _a344
_bJ54A
100 _aJiménez de Asúa, Luis
_eAUT
245 0 _aDelitos:
_bInternacionales, política criminal internacional y otros temas penales
260 _c2005
300 _a
_c
650 _aGEN
654 _aCDE
942 _cLIB
_dJUS
_fJUS
_2ddc
_n
999 _c21054
_d21054